[Event "MBSK 2009 A"]
[Site "?"]
[Date "2009.09.11"]
[Round "1.5"]
[White "Vyernyy, Leonid"]
[Black "Klein, Michael"]
[Result "1-0"]
[WhiteElo "2025"]
[BlackElo "1745"]
[PlyCount "49"]
[EventDate "2009.09.11"]
[SourceDate "2009.09.11"]

1. e4 e6 2. d4 d5 3. Nc3 Bb4 4. Bd2 Nf6 5. e5 Nfd7 6. Qg4 g6 7. a3 Be7 8. Nf3
a6 9. b4 b6 10. Bd3 c5 11. bxc5 bxc5 12. dxc5 Nc6 13. Qa4 Bb7 14. O-O Qc7 15.
Rfe1 Bxc5 16. Qh4 Be7 17. Qg3 Na5 18. Nd1 Nc4 19. Bb4 Ndb6 20. Ng5 Nxa3 21.
Bxa3 Bxa3 22. Rxa3 Nc4 23. Bxc4 dxc4 24. Qf4 h6 25. Ne4 1-0

[Event "MBSK 2009 A"]
[Site "?"]
[Date "2009.09.11"]
[Round "1.4"]
[White "Johne, Florian"]
[Black "Osmanovic, Faruk"]
[Result "0-1"]
[WhiteElo "1745"]
[BlackElo "2096"]
[PlyCount "54"]
[EventDate "2009.09.11"]
[SourceDate "2009.09.11"]

1. e4 c5 2. Nc3 d6 3. f4 Nc6 4. Nf3 Nf6 5. Bb5 Bd7 6. O-O a6 7. Bxc6 Bxc6 8. e5
Nd7 9. exd6 exd6 10. d4 Nf6 11. dxc5 dxc5 12. Re1+ Be7 13. Qe2 Bxf3 14. Qxf3
O-O 15. Qxb7 Re8 16. Qf3 Rb8 17. Rd1 Qb6 18. b3 c4+ 19. Kh1 Bb4 20. Bb2 Re3 21.
Nd5 Nxd5 22. Qxd5 c3 23. Bc1 Re2 24. Qf3 Rbe8 25. h4 Re1+ 26. Rxe1 Rxe1+ 27.
Kh2 Qg1+ 0-1

[Event "MBSK 2009 A"]
[Site "?"]
[Date "2009.09.11"]
[Round "1.12"]
[White "Marcy, Harald"]
[Black "Knopf, Klaus"]
[Result "0-1"]
[WhiteElo "1644"]
[BlackElo "1812"]
[PlyCount "48"]
[EventDate "2009.09.11"]
[SourceDate "2009.09.11"]

1. e4 c5 2. Nf3 Nc6 3. d4 cxd4 4. Nxd4 Nf6 5. Nc3 e5 6. Ndb5 d6 7. Bg5 a6 8.
Na3 b5 9. Nd5 Be7 10. Bxf6 Bxf6 11. Nxf6+ Qxf6 12. Qd5 Bb7 13. Be2 Qg6 14. f3
O-O 15. g3 Rab8 16. Qd2 f5 17. Bd3 Nd4 18. Qe3 Nxf3+ 19. Kd1 fxe4 20. Be2 d5
21. Nb1 d4 22. Qb3+ Kh8 23. Nd2 Nxd2 24. Kxd2 e3+ 0-1

[Event "MBSK 2009 A"]
[Site "?"]
[Date "2009.09.11"]
[Round "1.6"]
[White "Gubela, Hans-Erich Const"]
[Black "Zunker, Michael"]
[Result "0-1"]
[WhiteElo "1721"]
[BlackElo "1978"]
[PlyCount "91"]
[EventDate "2009.09.11"]
[SourceDate "2009.09.11"]

1. e4 c5 2. Nf3 d6 3. d4 cxd4 4. Nxd4 Nf6 5. f3 e6 6. c4 Be7 7. Nc3 a6 8. Be3
O-O 9. Be2 b6 10. O-O Bb7 11. Bf2 Nbd7 12. Na4 Re8 13. Re1 Rc8 14. Rc1 d5 15.
exd5 exd5 16. cxd5 Nxd5 17. Rxc8 Qxc8 18. Qc1 b5 19. Nc3 Bb4 20. Nxd5 Bxe1 21.
Qxc8 Bxf2+ 22. Kxf2 Bxc8 23. b3 Bb7 24. Nb4 Nc5 25. a4 bxa4 26. bxa4 Kf8 27.
Nf5 Rd8 28. Ke3 a5 29. Nd3 Nxa4 30. Bd1 Nb6 31. Bc2 g6 32. Ng3 Nc4+ 33. Kf4
Rd4+ 34. Kg5 Kg7 35. f4 f6+ 36. Kh4 Bxg2 37. Ne2 Rd8 38. f5 g5+ 39. Kg3 Be4 40.
Nc5 Bd5 41. Nd4 Rc8 42. Nce6+ Kf7 43. h4 gxh4+ 44. Kxh4 Ne3 45. Bd3 Rc3 46. Bb5
0-1

[Event "MBSK 2009 A"]
[Site "?"]
[Date "2009.09.11"]
[Round "1.1"]
[White "Kick, Joachim"]
[Black "Jaeschke, Felix"]
[Result "1-0"]
[WhiteElo "2177"]
[BlackElo "1782"]
[PlyCount "71"]
[EventDate "2009.09.11"]
[SourceDate "2009.09.11"]

1. Nf3 Nf6 2. c4 b6 3. g3 Bb7 4. Bg2 c5 5. Nc3 g6 6. O-O Bg7 7. d4 cxd4 8. Qxd4
O-O 9. Qh4 d6 10. Bh6 Nbd7 11. Rac1 Rb8 12. Rfd1 Nh5 13. Bxg7 Nxg7 14. g4 Bxf3
15. Bxf3 Ne5 16. Nd5 Nxf3+ 17. exf3 Rb7 18. Re1 f6 19. f4 e6 20. Ne3 f5 21.
Qxd8 Rxd8 22. gxf5 gxf5 23. Kg2 Kf7 24. Red1 Ne8 25. Rd4 Nf6 26. Rcd1 Rbd7 27.
Kf3 Ne4 28. Nc2 Nc5 29. Nb4 Ne4 30. Nc6 Kf6 31. Nxd8 Rxd8 32. Ke3 Ke7 33. Rg1
Nf6 34. Rg7+ Kf8 35. Rxa7 Ng4+ 36. Ke2 1-0

[Event "MBSK 2009 A"]
[Site "?"]
[Date "2009.09.11"]
[Round "1.2"]
[White "Ciolek, Florian"]
[Black "Moser, Axel"]
[Result "0-1"]
[WhiteElo "1766"]
[BlackElo "2115"]
[PlyCount "114"]
[EventDate "2009.09.11"]
[SourceDate "2009.09.11"]

1. e4 d6 2. d4 Nf6 3. Nc3 e5 4. dxe5 dxe5 5. Qxd8+ Kxd8 6. Bc4 Be6 7. Bxe6 fxe6
8. Nf3 Bd6 9. Bg5 a6 10. O-O-O Nc6 11. Nxe5 Nxe5 12. f4 Nf7 13. e5 Nxg5 14.
fxg5 Ng4 15. Rhe1 Nxe5 16. Rxe5 Ke7 17. Re4 Kd7 18. Ne2 Rae8 19. Nf4 Rhf8 20.
g3 Rf5 21. h4 b6 22. g4 Rf7 23. Nd3 Kc6 24. Rde1 Kd7 25. Rd1 Kc6 26. Rde1 Kd7
27. Rd1 Kc8 28. Re3 Bf4 29. Nxf4 Rxf4 30. Rg1 e5 31. Kd2 Kd7 32. Ke2 Ke6 33.
Rf3 Ref8 34. Rgf1 Re4+ 35. Kf2 Rff4 36. Rxf4 Rxf4+ 37. Kg2 Rxg4+ 38. Kh3 Rd4
39. Rf2 Rf4 40. Re2 e4 41. Kg3 Kf5 42. Re3 Rf1 43. b4 Ke5 44. Rc3 Rf7 45. Re3
Kd4 46. Re1 e3 47. Rd1+ Ke4 48. Rd8 Re7 49. Kg2 Kf4 50. Rd4+ Re4 51. Rxe4+ Kxe4
52. h5 g6 53. hxg6 hxg6 54. a3 Kf4 55. c4 c5 56. bxc5 bxc5 57. a4 a5 0-1

[Event "MBSK 2009 A"]
[Site "?"]
[Date "2009.09.11"]
[Round "1.13"]
[White "Zymberi, Jeton"]
[Black "Bladt, Johannes"]
[Result "1-0"]
[WhiteElo "1807"]
[BlackElo "1620"]
[Annotator "User,Your"]
[PlyCount "42"]
[EventDate "2009.09.11"]
[SourceDate "2009.09.11"]

1. d4 f5 2. Bg5 Nf6 3. Nc3 g6 4. e3 Bg7 5. Nf3 d6 6. Be2 O-O 7. h4 Qe8 8. Bc4+
Kh8 9. Bxf6 Bxf6 10. Nd5 Qc6 11. Bb3 e6 12. Nxf6 Rxf6 13. h5 Qe8 14. Ng5 h6 15.
Qe2 Nc6 16. d5 Na5 17. Nxe6 Bxe6 18. dxe6 Nxb3 19. axb3 g5 20. Qf3 c6 21. O-O
Qxe6 {Rest nicht rekonstruierbar, 1:0 nach 57 Zügen} 1-0

[Event "MBSK 2009 A"]
[Site "?"]
[Date "2009.09.11"]
[Round "1.3"]
[White "Van der Vegt, Hans"]
[Black "Peponis, Pantelis"]
[Result "1/2-1/2"]
[WhiteElo "2107"]
[BlackElo "1754"]
[PlyCount "46"]
[EventDate "2009.09.11"]
[SourceDate "2009.09.11"]

1. d4 Nf6 2. Nf3 g6 3. Bf4 Bg7 4. Nbd2 d5 5. e3 O-O 6. Bd3 Nbd7 7. h3 c5 8. c3
b6 9. e4 dxe4 10. Nxe4 Bb7 11. Nxf6+ Bxf6 12. Be3 Qc7 13. O-O e5 14. Be2 e4 15.
Nh2 Rad8 16. Qb3 Bg7 17. Ng4 Kh8 18. Nh6 Nf6 19. dxc5 Nd5 20. cxb6 axb6 21. Ng4
f5 22. c4 fxg4 23. cxd5 Bxd5 1/2-1/2

[Event "MBSK 2009 A"]
[Site "?"]
[Date "2009.09.11"]
[Round "1.11"]
[White "Sexauer, Achim"]
[Black "Holzafel, Markus"]
[Result "1/2-1/2"]
[WhiteElo "1852"]
[BlackElo "1660"]
[PlyCount "45"]
[EventDate "2009.09.11"]
[SourceDate "2009.09.11"]

1. e4 e6 2. d3 d5 3. Nd2 c5 4. g3 Nc6 5. Bg2 Nf6 6. Ngf3 Bd6 7. O-O O-O 8. Re1
Qc7 9. Qe2 e5 10. exd5 Nxd5 11. Nc4 Bg4 12. c3 Rfe8 13. Bg5 h6 14. Bd2 Rad8 15.
h3 Bf5 16. Nh4 Be6 17. Bxd5 Bxd5 18. Bxh6 gxh6 19. Qg4+ Kh7 20. Qf5+ Kg7 21.
Qg4+ Kh7 22. Qf5+ Kg7 23. Qg4+ 1/2-1/2

[Event "MBSK 2009 A"]
[Site "?"]
[Date "2009.09.11"]
[Round "1.8"]
[White "Gashi, Fadil"]
[Black "Gantner, Ralf"]
[Result "0-1"]
[WhiteElo "1712"]
[BlackElo "1928"]
[PlyCount "52"]
[EventDate "2009.09.11"]
[SourceDate "2009.09.11"]

1. d4 d6 2. c4 e5 3. d5 f5 4. Nc3 Nf6 5. Bg5 Be7 6. Bxf6 Bxf6 7. e4 O-O 8. Qc2
fxe4 9. Nxe4 Bf5 10. Bd3 c6 11. Ne2 cxd5 12. cxd5 Na6 13. Bxa6 Qa5+ 14. Qd2
Qxa6 15. Nxf6+ Rxf6 16. O-O Rc8 17. Nc3 Qc4 18. Rfc1 Qh4 19. Qe3 Rcf8 20. Rd1
Rg6 21. Rd2 Bh3 22. g3 Qh5 23. Re1 Bg4 24. h4 Bf3 25. Kh2 Rg4 26. Kh3 Rxh4+ 0-1

[Event "MBSK 2009 A"]
[Site "?"]
[Date "2009.09.11"]
[Round "1.14"]
[White "Probka, Jakiv"]
[Black "Graf, Anton"]
[Result "0-1"]
[WhiteElo "1534"]
[BlackElo "1807"]
[PlyCount "82"]
[EventDate "2009.09.11"]
[SourceDate "2009.09.11"]

1. d4 c6 2. Nf3 d5 3. e3 Nf6 4. Nbd2 Bf5 5. c4 Nbd7 6. Qb3 Qb6 7. Qc3 e6 8. a3
c5 9. Bd3 Bxd3 10. Qxd3 Be7 11. O-O O-O 12. dxc5 Nxc5 13. Qc2 a5 14. cxd5 Nxd5
15. Rb1 Rfc8 16. b3 Na4 17. Nc4 Qa6 18. bxa4 Rxc4 19. Qb3 Rac8 20. Bd2 Nc3 21.
Bxc3 Rxc3 22. Qxb7 Qxb7 23. Rxb7 Bxa3 24. g3 h6 25. Nd4 Bb4 26. Nb5 Rc1 27. Na7
Rxf1+ 28. Kxf1 Rc1+ 29. Ke2 Rc2+ 30. Kf1 Ra2 31. Nc6 Rxa4 32. Nxb4 axb4 33. Kg2
g6 34. h4 Kg7 35. f4 Ra2+ 36. Kf3 Rb2 37. Rb6 h5 38. Rb7 b3 39. Rb6 Rb1 40. Kf2
b2 41. e4 Rh1 0-1

[Event "MBSK 2009 A"]
[Site "?"]
[Date "2009.09.11"]
[Round "1.7"]
[White "Czikuß, Hans-Joachim"]
[Black "Karaissaridis, Christos"]
[Result "1/2-1/2"]
[WhiteElo "1964"]
[BlackElo "1720"]
[Annotator "User,Your"]
[PlyCount "140"]
[EventDate "2009.09.11"]
[SourceDate "2009.09.11"]

1. Nf3 Nf6 2. c4 g6 3. g3 Bg7 4. Bg2 O-O 5. O-O d6 6. Nc3 e5 7. d4 Nbd7 8. e4
Re8 9. h3 exd4 10. Nxd4 a6 11. Be3 Rb8 12. Qc2 Ne5 13. b3 c5 14. Nde2 b5 15.
cxb5 axb5 16. f4 Ned7 17. Rad1 b4 18. Na4 Qe7 19. e5 dxe5 20. Bxc5 Nxc5 21.
Qxc5 Ba6 22. Qxe7 Rxe7 23. Rfe1 Rbe8 24. Nc1 Nh5 25. Nc5 Bb5 26. fxe5 Nxg3 27.
N5d3 Bxd3 28. Nxd3 Rb8 29. Kf2 Nf5 30. Re4 Reb7 31. Rc1 Bf8 32. Rec4 Ra7 33.
R1c2 Rb5 34. Be4 Ng7 35. Ke2 Ne6 36. Bc6 Rb6 37. Bg2 Kg7 38. Bf3 g5 39. Bg2
Rba6 40. Bd5 Rxa2 41. Bxe6 fxe6 42. Ke3 Rxc2 43. Rxc2 Ra1 44. Kd4 Rh1 45. Rc7+
Kg6 46. Rc8 Bg7 47. Nxb4 Rxh3 48. Nd3 Kf5 49. b4 Bxe5+ 50. Nxe5 Rh4+ 51. Kc5
Kxe5 52. b5 Rh1 53. Rh8 h5 54. b6 h4 55. b7 Rb1 56. b8=Q+ Rxb8 57. Rxb8 g4 58.
Rh8 h3 59. Rh5+ Kf4 60. Kd4 Kf3 61. Ke5 Kg2 62. Kf4 g3 63. Rg5 e5+ 64. Rxe5 h2
65. Re1 Kf2 66. Ra1 g2 67. Ra2+ Ke1 68. Ra1+ Kd2 69. Ra2+ Kc1 70. Rxg2 h1=Q {
und patt nach weiteren Zügen} 1/2-1/2

[Event "MBSK 2009 A"]
[Site "?"]
[Date "2009.09.11"]
[Round "1.9"]
[White "Gubela, Hans-Erich"]
[Black "Bruns, Patrick"]
[Result "1-0"]
[WhiteElo "1911"]
[BlackElo "1682"]
[PlyCount "145"]
[EventDate "2009.09.11"]
[SourceDate "2009.09.11"]

1. e4 c6 2. d4 d5 3. exd5 cxd5 4. Bd3 b6 5. Qe2 Nf6 6. Bf4 e6 7. Nf3 Bd6 8. Ne5
O-O 9. Nd2 a5 10. c4 Ba6 11. b3 Bb4 12. Rc1 dxc4 13. Nexc4 b5 14. Be4 Ra7 15.
Bxb8 Qxb8 16. Ne5 Nxe4 17. Qxe4 Bb7 18. Qe2 Qd6 19. O-O Qxd4 20. Rfd1 Qf4 21.
Ndf3 Ba3 22. Rc3 Bd5 23. Qxb5 f6 24. Nc6 Rc7 25. Qxa5 Rxc6 26. Rxc6 Bxc6 27.
Qxa3 Bxf3 28. gxf3 Qxf3 29. Qd6 Qg4+ 30. Kf1 Qh3+ 31. Ke1 Qc3+ 32. Rd2 e5 33.
Qd5+ Kh8 34. Qd6 Rg8 35. Qd3 Qa1+ 36. Ke2 Qh1 37. a4 Qxh2 38. a5 Qh5+ 39. Qf3
Qe8 40. a6 e4 41. Qc3 Qb5+ 42. Qc4 Qh5+ 43. Ke1 Qh1+ 44. Qf1 Qf3 45. a7 Rc8 46.
Rc2 Rd8 47. Rd2 Ra8 48. Qe2 Qh1+ 49. Qf1 Qf3 50. Qe2 Qxb3 51. Qxe4 Qg8 52. Qb7
h5 53. Rd7 Qe6+ 54. Kf1 Qc4+ 55. Kg1 Qg4+ 56. Kh2 Qf4+ 57. Kg2 Qg4+ 58. Kf1
Qc4+ 59. Kg1 Qg4+ 60. Qg2 Qxg2+ 61. Kxg2 Kh7 62. Kg3 Kh6 63. f4 Rc8 64. Rd3 g5
65. f5 h4+ 66. Kf3 Kh5 67. Rb3 g4+ 68. Ke3 Ra8 69. Rb7 Kg5 70. Ke4 h3 71. Rg7+
Kh5 72. Kf4 Rh8 73. a8=Q 1-0

[Event "MBSK 2009 A"]
[Site "?"]
[Date "2009.09.12"]
[Round "2.14"]
[White "Muschtaki, Mostafa"]
[Black "Gubela, Hans-Erich Constan"]
[Result "1-0"]
[WhiteElo "1619"]
[BlackElo "1721"]
[PlyCount "81"]
[EventDate "2009.09.11"]
[SourceDate "2009.09.11"]

1. e4 e5 2. Nf3 Nc6 3. Bc4 Bc5 4. c3 Nf6 5. d4 exd4 6. e5 d5 7. Bb5 Ne4 8. cxd4
Bb4+ 9. Nbd2 O-O 10. Bxc6 bxc6 11. O-O Bxd2 12. Nxd2 Ng5 13. f4 Ne6 14. Nb3 Ba6
15. Rf3 Kh8 16. Rg3 Rg8 17. Nc5 Nxc5 18. dxc5 Bc8 19. Qh5 g6 20. Qf3 Bf5 21.
Be3 Rb8 22. Bd4 Rb4 23. Qc3 Rxd4 24. Qxd4 Re8 25. Re1 Kg8 26. Qa4 Qd7 27. Qxa7
f6 28. Qa5 fxe5 29. fxe5 d4 30. Qb4 Kg7 31. a4 Qd5 32. a5 d3 33. Qc3 Kg8 34.
Rge3 Rd8 35. Rd1 h5 36. e6 Re8 37. Qf6 Rxe6 38. Rxe6 Bxe6 39. Qxg6+ Kf8 40.
Qxd3 Qxc5+ 41. Qd4 1-0

[Event "MBSK 2009 A"]
[Site "?"]
[Date "2009.09.12"]
[Round "2.3"]
[White "Osmanovic, Faruk"]
[Black "Schmitz, Stefan"]
[Result "0-1"]
[WhiteElo "2096"]
[BlackElo "1899"]
[PlyCount "58"]
[EventDate "2009.09.11"]
[SourceDate "2009.09.11"]

1. Nf3 d5 2. d4 Nf6 3. e3 e6 4. Bd3 Bd6 5. c4 c5 6. Nc3 dxc4 7. Bxc4 cxd4 8.
Nxd4 a6 9. a4 O-O 10. Bd2 Nbd7 11. Qe2 Ne5 12. Ba2 b6 13. f4 Ng6 14. O-O Bb7
15. Nf3 Bc5 16. Kh1 Ne4 17. Nxe4 Bxe4 18. Rfe1 Qe7 19. Rac1 Rad8 20. Bb1 Bb7
21. Red1 Nh4 22. Nxh4 Qxh4 23. b4 Bd6 24. Be1 Qh6 25. Qg4 Rd7 26. Bh4 g6 27.
Bf6 Re8 28. e4 Bxf4 29. Rxd7 Qxh2# 0-1

[Event "MBSK 2009 A"]
[Site "?"]
[Date "2009.09.12"]
[Round "2.4"]
[White "Graf, Anton"]
[Black "Vyernyy, Leonid"]
[Result "0-1"]
[WhiteElo "1807"]
[BlackElo "2025"]
[PlyCount "100"]
[EventDate "2009.09.11"]
[SourceDate "2009.09.11"]

1. e4 c5 2. Nf3 g6 3. c3 Nf6 4. e5 Nd5 5. d4 cxd4 6. cxd4 Bg7 7. Nc3 Nxc3 8.
bxc3 O-O 9. Be2 d6 10. exd6 Qxd6 11. O-O Nc6 12. a4 Be6 13. Ba3 Qd8 14. Rb1 b6
15. Re1 Bf6 16. Nd2 Bf5 17. Rb2 Re8 18. Bb5 Bd7 19. Qf3 Na5 20. Ne4 Bxb5 21.
axb5 Nc4 22. Ra2 Nxa3 23. Rxa3 Qd7 24. Rb1 Bg7 25. Qd3 Qd5 26. Rba1 e5 27. Qf3
Qd7 28. d5 Rec8 29. Nd2 Bh6 30. Qd3 Bxd2 31. Qxd2 Qxb5 32. h3 Rd8 33. d6 a5 34.
Rd1 Qc5 35. Ra4 Rd7 36. Rh4 a4 37. Qh6 f5 38. Qd2 Kg7 39. Qh6+ Kg8 40. Qd2 a3
41. Qa2+ Kg7 42. Qe6 Rad8 43. Rd5 Qxc3 44. Rxe5 a2 45. Re1 a1=Q 46. Rxa1 Qxa1+
47. Kh2 Qd1 48. Qe5+ Kg8 49. Rd4 Qb3 50. Rd5 Kf7 0-1

[Event "MBSK 2009 A"]
[Site "?"]
[Date "2009.09.12"]
[Round "3.2"]
[White "Vernnyy, L."]
[Black "Kick, J."]
[Result "1/2-1/2"]
[WhiteElo "2025"]
[BlackElo "2177"]
[PlyCount "53"]
[EventDate "2009.09.11"]
[SourceDate "2009.09.11"]

1. e4 c5 2. c3 Nf6 3. e5 Nd5 4. d4 cxd4 5. Nf3 e6 6. cxd4 d6 7. Nc3 Nxc3 8.
bxc3 Qc7 9. Bd2 Nd7 10. exd6 Bxd6 11. Bd3 O-O 12. O-O b6 13. Be4 Bb7 14. Bxb7
Qxb7 15. Qe2 Rac8 16. Rfe1 Qc7 17. Qd3 Bf4 18. c4 Bxd2 19. Nxd2 Nf6 20. Rac1
Rfd8 21. Nf3 Qf4 22. Qe3 Qxe3 23. fxe3 Ne4 24. Re2 Rc7 25. Rec2 Rdc8 26. Kf1
Kf8 27. Ke2 1/2-1/2

[Event "MBSK 2009 A"]
[Site "?"]
[Date "2009.09.12"]
[Round "3"]
[White "Probka, Jakiv"]
[Black "Jaeschke, Felix"]
[Result "0-1"]
[WhiteElo "1534"]
[BlackElo "1782"]
[PlyCount "64"]
[SourceDate "2009.09.11"]

1. d4 Nf6 2. c4 e6 3. e3 b6 4. Nf3 Bb7 5. Nbd2 c5 6. dxc5 Bxc5 7. Be2 O-O 8.
O-O d5 9. cxd5 Nxd5 10. a3 Bxe3 11. fxe3 Nxe3 12. Qb3 Nxf1 13. Bxf1 Nd7 14. Qe3
Rc8 15. b4 Nf6 16. h3 Nd5 17. Qe5 Qc7 18. Qd4 Rfd8 19. Bb2 Nf6 20. Qh4 Ne8 21.
Be5 Qc2 22. Qf2 f6 23. Bg3 Qb2 24. Re1 Rc2 25. Rxe6 Bxf3 26. Qe3 Bh5 27. Ne4
Bf7 28. Re7 Qd4 29. Bf2 Qxe3 30. Bxe3 Nc7 31. Bf4 Nd5 32. Bh2 Nxe7 0-1

[Event "MBSK 2009 A"]
[Site "?"]
[Date "2009.09.11"]
[Round "1.16"]
[White "Gubela, Hans-Erich Const"]
[Black "Marcy, Harald"]
[Result "1-0"]
[WhiteElo "1721"]
[BlackElo "1644"]
[PlyCount "31"]
[EventDate "2009.09.11"]
[SourceDate "2009.09.11"]

1. e4 c5 2. Nf3 d6 3. d4 cxd4 4. Nxd4 Nf6 5. Nc3 a6 6. Be2 g6 7. Be3 Bg7 8. Qd2
Nc6 9. f3 Bd7 10. Nb3 Rc8 11. a3 Ne5 12. O-O-O Nc4 13. Bxc4 Rxc4 14. g4 b5 15.
e5 dxe5 16. g5 1-0

[Event "MBSK 2009 A"]
[Site "?"]
[Date "2009.09.12"]
[Round "3.6"]
[White "Riehle, Marco"]
[Black "Sexauer, Achim"]
[Result "1/2-1/2"]
[WhiteElo "1366"]
[BlackElo "1852"]
[PlyCount "47"]
[EventDate "2009.09.11"]
[SourceDate "2009.09.11"]

1. e4 e5 2. Nf3 d6 3. d4 exd4 4. Nxd4 Nf6 5. Nc3 Be7 6. Bc4 O-O 7. O-O Re8 8.
f4 Bf8 9. Qd3 Nbd7 10. Nb3 Nb6 11. Rf3 Nxc4 12. Qxc4 c6 13. Be3 Be6 14. Qd3 b5
15. f5 Bc4 16. Qd2 Nxe4 17. Nxe4 Rxe4 18. f6 g6 19. Bh6 Rh4 20. Bxf8 Qxf8 21.
Rg3 c5 22. Rd1 Rd8 23. Nxc5 d5 24. Nb3 1/2-1/2

[Event "MBSK 2009 A"]
[Site "?"]
[Date "2009.09.12"]
[Round "3.9"]
[White "Gubela, Hans-Erich"]
[Black "Klein, Michael"]
[Result "1/2-1/2"]
[WhiteElo "1911"]
[BlackElo "1745"]
[PlyCount "63"]
[EventDate "2009.09.11"]
[SourceDate "2009.09.11"]

1. e4 e6 2. d4 d5 3. exd5 exd5 4. Bd3 Bd6 5. Nc3 c6 6. Nf3 Ne7 7. Be3 Bf5 8.
O-O O-O 9. Re1 Nd7 10. Bxf5 Nxf5 11. Qd3 Nxe3 12. fxe3 Nf6 13. e4 dxe4 14. Nxe4
Re8 15. Nfg5 Nxe4 16. Nxe4 Re6 17. Re2 h6 18. Rae1 Qc7 19. Nxd6 Rxe2 20. Rxe2
Qxd6 21. c3 Rd8 22. Qe4 Rd7 23. Qf5 g6 24. Re8+ Kg7 25. Qe4 Qf6 26. b4 Qg5 27.
h3 Rd5 28. h4 Qc1+ 29. Kh2 Qxc3 30. Qe7 Qxd4 31. Qf8+ Kf6 32. Qe7+ 1/2-1/2

[Event "MBSK 2009 A"]
[Site "?"]
[Date "2009.09.12"]
[Round "3.15"]
[White "Bruns, Patrick"]
[Black "Bernhard, Sebastian"]
[Result "1-0"]
[WhiteElo "1682"]
[BlackElo "1521"]
[PlyCount "53"]
[EventDate "2009.09.11"]
[SourceDate "2009.09.11"]

1. e4 c5 2. Nc3 Nc6 3. f4 d6 4. Bb5 Bd7 5. Nf3 a6 6. Bxc6 Bxc6 7. d3 Nf6 8. O-O
e6 9. a4 Be7 10. Qe1 d5 11. e5 Nd7 12. Qg3 g6 13. Bd2 b5 14. axb5 axb5 15. b3
Nb6 16. Qh3 c4 17. Nd4 Bc5 18. Be3 Qd7 19. b4 Bxb4 20. Ndxb5 Bxc3 21. Rxa8+
Nxa8 22. Nd6+ Kf8 23. Qh6+ Kg8 24. Rb1 Ba5 25. Rb8+ Bd8 26. Bc5 Qe7 27. Nf5 1-0

[Event "MBSK 2009 A"]
[Site "?"]
[Date "2009.09.12"]
[Round "3.1"]
[White "Schmitz, Stefan"]
[Black "Moser, Axel"]
[Result "0-1"]
[WhiteElo "1899"]
[BlackElo "2115"]
[PlyCount "96"]
[EventDate "2009.09.11"]
[SourceDate "2009.09.11"]

1. e4 d6 2. d4 Nf6 3. Nc3 Nbd7 4. Bc4 e5 5. Nf3 Be7 6. O-O O-O 7. Qe2 c6 8.
dxe5 dxe5 9. a3 Qc7 10. Be3 Nc5 11. Nd2 Ng4 12. f3 Nxe3 13. Qxe3 Ne6 14. Kh1
Nd4 15. Rac1 Bf6 16. Ne2 Qb6 17. b3 h6 18. Rfd1 Bg5 19. Qf2 Rd8 20. Bd3 Nxb3
21. Qxb6 axb6 22. Nxb3 Bxc1 23. Rxc1 Rxa3 24. Nd2 b5 25. Ng3 g6 26. Kg1 c5 27.
Nb1 Ra5 28. Kf2 c4 29. Be2 Be6 30. Ke1 b4 31. Nd2 b5 32. Ngf1 Kf8 33. Rb1 Ra4
34. Ne3 Ke7 35. g3 Rda8 36. Kf2 Rd8 37. Ke1 Kd6 38. f4 Kc5 39. Nf3 exf4 40.
gxf4 Ra3 41. Kf2 Ra2 42. Ke1 Rda8 43. Kd2 Ra1 44. Kc1 Rxb1+ 45. Kxb1 Ra3 46.
Nd1 Bg4 47. Ng1 Bxe2 48. Nxe2 Rh3 0-1

[Event "MBSK 2009 A"]
[Site "?"]
[Date "2009.09.12"]
[Round "3.3"]
[White "Van der Vegt, Hans"]
[Black "Knopf, Klaus"]
[Result "1-0"]
[WhiteElo "2107"]
[BlackElo "1812"]
[PlyCount "85"]
[EventDate "2009.09.11"]
[SourceDate "2009.09.11"]

1. d4 d5 2. Nf3 Nf6 3. Bf4 e6 4. e3 Bd6 5. Bg3 O-O 6. Bd3 c5 7. c3 cxd4 8. exd4
Nc6 9. Nbd2 Qc7 10. Qc2 Re8 11. O-O-O e5 12. dxe5 Nxe5 13. Nxe5 Bxe5 14. Nf3
Bxg3 15. hxg3 h6 16. Nd4 a6 17. Rhe1 Bd7 18. Bf5 Rad8 19. Bxd7 Qxd7 20. f3 b5
21. Qf5 Qd6 22. Qf4 Qxf4+ 23. gxf4 Rxe1 24. Rxe1 Nh5 25. Ne2 Re8 26. Kd2 Kf8
27. g4 Nf6 28. Rh1 Ng8 29. Nd4 f6 30. f5 Kf7 31. Ne6 Ra8 32. Kd3 Ra7 33. Kd4
Ne7 34. Kc5 Rd7 35. Kb6 Rd6+ 36. Kc7 Rc6+ 37. Kd7 Rc8 38. Nd8+ Rxd8+ 39. Kxd8
Nc6+ 40. Kc7 Ne5 41. Rf1 Nc4 42. b3 Ne3 43. Re1 1-0

[Event "MBSK 2009 A"]
[Site "?"]
[Date "2009.09.12"]
[Round "2.1"]
[White "Knopf, Klaus"]
[Black "Kick, Joachim"]
[Result "1/2-1/2"]
[WhiteElo "1812"]
[BlackElo "2177"]
[PlyCount "139"]
[EventDate "2009.09.11"]
[SourceDate "2009.09.11"]

1. e4 c5 2. Nf3 Nc6 3. d4 cxd4 4. Nxd4 Nf6 5. Nc3 e5 6. Ndb5 d6 7. Bg5 a6 8.
Na3 b5 9. Bxf6 gxf6 10. Nd5 f5 11. Bd3 Be6 12. c3 Bg7 13. Qh5 O-O 14. O-O fxe4
15. Bxe4 f5 16. Nb4 fxe4 17. Nxc6 Qd7 18. Nb4 a5 19. Nbc2 d5 20. Qe2 Rab8 21.
Qd2 Rf6 22. Rad1 Rg6 23. Ne3 Bh6 24. Nac2 Kh8 25. Qe2 Rbg8 26. Kh1 Bf4 27. g3
Bxe3 28. Nxe3 d4 29. Ng2 Qd5 30. Ne3 Qc5 31. cxd4 exd4 32. Rc1 Qe5 33. Ng2 Bc4
34. Rxc4 bxc4 35. Qxc4 Rd6 36. Rd1 Rgd8 37. Nf4 d3 38. b4 axb4 39. Qxb4 d2 40.
Kg1 e3 41. fxe3 Qxe3+ 42. Kg2 Rd4 43. Qb6 Qe4+ 44. Kf2 Rf8 45. Qb2 Re8 46. Qc3
Kg8 47. Qb3+ Kg7 48. Qc3 Kh6 49. a4 Qe1+ 50. Rxe1 dxe1=Q+ 51. Qxe1 Rxe1 52.
Kxe1 Rxa4 53. Kf2 Ra2+ 54. Ne2 Kg5 55. h3 Kf5 56. Kf3 Ra3+ 57. Kf2 Ke4 58. Nf4
Ra2+ 59. Kg1 Kf3 60. Nh5 h6 61. Kh1 Ra5 62. g4 Ra2 63. Kg1 Ke4 64. Kh1 Ke5 65.
Ng3 Kf6 66. Ne4+ Kg6 67. Kg1 h5 68. gxh5+ Kxh5 69. Nf2 Kh4 70. Kg2 1/2-1/2

[Event "MBSK 2009 A"]
[Site "?"]
[Date "2009.09.12"]
[Round "3.10"]
[White "Gashi, Fadil"]
[Black "Graf, Anton"]
[Result "1-0"]
[WhiteElo "1712"]
[BlackElo "1807"]
[PlyCount "87"]
[EventDate "2009.09.11"]
[SourceDate "2009.09.11"]

1. d4 c6 2. c4 d5 3. Nc3 e6 4. Nf3 Nf6 5. e3 Be7 6. Qc2 Nbd7 7. g4 Nxg4 8. Rg1
Nh6 9. Rxg7 Nf5 10. Rg2 Nf6 11. Bd2 Bd7 12. O-O-O dxc4 13. e4 b5 14. exf5 exf5
15. Ne5 a5 16. Re1 a4 17. a3 h5 18. Bg5 Kf8 19. h4 Qc7 20. Na2 Be6 21. f3 Rg8
22. Qd2 Rd8 23. Bf4 Qb6 24. Rxg8+ Nxg8 25. Bh6+ Ke8 26. Be3 Bxh4 27. Re2 Bf6
28. f4 Qc7 29. Qe1 Nh6 30. Bg2 Bxe5 31. fxe5 Ng4 32. Bg1 Kd7 33. Nb4 c5 34. Na6
Qc8 35. Nxc5+ Ke8 36. Qa5 Bd7 37. Qd2 Bc6 38. Bxc6+ Qxc6 39. Qf4 Qh1 40. Re1
Qh4 41. Rd1 f6 42. exf6 Qxf6 43. Re1+ Kf7 44. Re6 1-0

[Event "MBSK 2009 A"]
[Site "?"]
[Date "2009.09.12"]
[Round "2.2"]
[White "Moser, Axel"]
[Black "Gubela, Hans-Erich"]
[Result "1-0"]
[WhiteElo "2115"]
[BlackElo "1911"]
[PlyCount "105"]
[EventDate "2009.09.11"]
[SourceDate "2009.09.11"]

1. d4 d6 2. Nf3 g6 3. c4 Bg7 4. Nc3 Nc6 5. e3 e5 6. d5 Nce7 7. Be2 f5 8. Rb1
Nf6 9. b4 O-O 10. Qb3 h6 11. Bb2 g5 12. c5 Ng6 13. Nd2 f4 14. e4 g4 15. g3 Nh5
16. Nc4 Qf6 17. Nd1 Bd7 18. cxd6 cxd6 19. b5 Rf7 20. Ba3 Bf8 21. Na5 Rb8 22.
Bb4 Ng7 23. a4 h5 24. Rc1 Ne8 25. Nc4 h4 26. b6 a6 27. Na5 Kh8 28. Bd2 Rh7 29.
Rg1 hxg3 30. hxg3 f3 31. Bd3 Rh2 32. Nxb7 Rxb7 33. Bxa6 Rb8 34. a5 Ne7 35. Bb5
Bxb5 36. Qxb5 Bh6 37. Ne3 Nc8 38. Qxe8+ Qf8 39. Qxf8+ Bxf8 40. Nxg4 Rh7 41. Ne3
Nxb6 42. axb6 Rxb6 43. Nf5 Rb2 44. g4 Rhb7 45. g5 Rb1 46. g6 Bg7 47. Kd1 Kg8
48. Nxd6 Rxc1+ 49. Bxc1 Rb1 50. Kc2 Ra1 51. Nf5 Bf6 52. g7 Ra7 53. Nh6+ 1-0